Huracan Mitch: una mirada a algunas tendencias temáticas para la reducción del riesgo /
Gorde:
| Egile korporatiboa: | , |
|---|---|
| Formatua: | Texto |
| Argitaratua: |
San José:
Estrategia Internacional para la Reducción de Desastres
|
| Etiketak: |
Etiketa erantsi
Etiketarik gabe, Izan zaitez lehena erregistro honi etiketa jartzen!
|
MARC
| LEADER | 00000 a a2200000 04500 | ||
|---|---|---|---|
| 001 | 30962 | ||
| 003 | |||
| 040 | |||
| 020 | |a 9968-822-01-9 | ||
| 090 | |a 197302 | ||
| 110 | |a Estrategia Internacional para la Reducción de Desastres | ||
| 245 | |a Huracan Mitch: una mirada a algunas tendencias temáticas para la reducción del riesgo / |c Estrategia Internacional para la Reducción de Desastres | ||
| 260 | |a San José: |b Estrategia Internacional para la Reducción de Desastres | ||
| 300 | |a 251 p. | ||
| 710 | |a comp. |a Organización Panamericana de la Salud |a comp. | ||
| 999 | |c 13304 |d 13304 | ||



